00903nam a2200217 a 45000010005000000030009000050080041000140200015000550400028000700820024000982450075001222600047001973000021002445000025002655050283002906500029005736500028006026500015006306500020006456500020006659840CO-ViMGA141112s2004 ck r 000 u spa d a9580213682 aCO-ViMGAbspacCO-ViMGA04a323.01 L331c V.10o.10aLegado 10o. : bIntroducción a las Ciencias Políticas y Economicas aSantafé de Bogotá : bVoluntad, c1999 a208p. : il color aEducación Media.  aIndigenas, razas y grupos etnicos en Colombia 75 - 83 - - Ramas del poder publico 93 - 99 - - Asamblea Nacional Constituyente 125 - 132 - - Sociedad civil 140 - 147 - - Tasa de desempleo e Inflacion, devaluacion, divisas, balanza de pagos, tasa de cambio 182 - 187 - - Legado 1014aCONSTITUCION DE COLOMBIA14aDEMOCRACIA Y Política14aEconomía14aMACROEconomía14aMICROEconomía